Milli mücadeleden Cumhuriyete Silivri (Record no. 2315)

MARC details
000 -BAŞLIK
Sabit Uzunlukta Kontrol Alanı 01012na a2200313 4500
001 - KONTROL NUMARASI
Denetim Alanı 15647
003 - KONTROL NUMARASI IDENTIFIER
Denetim Alanı MIRAKIL
005 - SON İŞLEM TARİHİ VE ZAMANI
Denetim Alanı 20181213154853.0
008 - SABİT-BOY VERİ ELEMANLARI - GENEL BİLGİLER
Sabit Uzunlukta Kontrol Alanı 161010b tu 000 0
040 ## - KATALOGLAMA KAYNAK
Orijinal Kataloglama Ajansı Milas
Kataloglama Dili tur
Metne Dönüştürmek Ajansı TR-AnCHP
041 ## - DİL KODU
Metin / Ses Parça Veya Ayrı Başlığın Dil Kodu tur
082 ## - DEWEY ONLU SINIFLANDIRMA NUMARASI
Sınıflandırma Numarası 956.22614
Ürün Numarası M54 2011
090 ## - SINIFLAMA NUMARASI
Sınıflama Numarası 956.22614 M54 2011
245 ## - BAŞLIK TABLOSU
Başlık Milli mücadeleden Cumhuriyete Silivri
Başlığın Kalan -Belgelerle-
Sorumluluk Tablosu, Vb Proje sorumluları Elif Bilici, Ömet Sabahattin Çetin ; editör Ali Yılmaz
246 ## - UNVAN FORM VARYING
Başlık Doğru / Kısa Başlığı Silivri
246 ## - UNVAN FORM VARYING
Başlık Doğru / Kısa Başlığı Belgelerle Silivri
260 ## - YAYIN, DAĞITIM, VB
Yayın, Dağıtım, Vb Yeri İstanbul
Yayıncı, Dağıtıcı, Vs Adı Silivri Belediyesi
Yayın, Dağıtım, Vb Tarihi 2011
300 ## - FİZİKSEL TANIM
Kapsam 290 s.
Diğer Fiziksel Ayrıntıları fotg. , res , hrt.
Boyutlar 30 sm.
Eşlik Eden Malzeme + 8 ktl. belge
440 ## - SERİSİ TABLOSU / KATMA GİRİŞİ - BAŞLIK
Başlık Silivri Belediyesi
490 ## - SERİSİ TABLOSU
Seri Beyanı Bir şehir monografisi
Hacim / Ardışık Tanımı 3
500 ## - GENEL NOT
Genel Not Yapıt Osmanlı Türkçesi metinler içerir.
650 ## - KONU KATMA GİRİŞ - TOPİKAL DÖNEM
Topikal Süreli Veya Coğrafi Ad Giriş Elemanı Belgeler
Genel Alt Bölümü Osmanlı İmparatorluğu
Kronolojik Alt Bölümü Tarih
651 ## - KONU KATMA GİRİŞ - COĞRAFİ ADI
Coğrafi İsim Silivri
Genel Alt Bölümü Tarih
700 ## - KATMA GİRİŞ - KİŞİSEL İSİM
Kişisel Ad Bilici, Elif
700 ## - KATMA GİRİŞ - KİŞİSEL İSİM
Kişisel Ad Yılmaz, Ali
700 ## - KATMA GİRİŞ - KİŞİSEL İSİM
Kişisel Ad Sağlamçubukçu, S. Atilla
942 ## - EKLENDİ GİRİŞ ELEMANLARI (KOHA)
Sınıflandırma Veya Raf Düzeni Kaynak Dewey Decimal Classification
Koha Öğesi Türü Books
999 ## - SİSTEM KONTROL NUMARALARI (KOHA)
Koha Biblionumber 2315
Koha Biblioitemnumber 2315
657 ## - INDEX SÜRE - İŞLEVİ
-- Silivri tarihi
Holdings
Kalıcı Konum Mevcut Konum Edinme Tarihi Edinim Kaynak Toplam Check-Out'Lar Tam Çağrı Numarası Barkod Tarih Son Görülme İtibaren Geçerli Fiyatlar Koha Öğesi Türü Kopya Sayısı
CHP Kütüphanesi CHP Kütüphanesi 09/19/2016 Bağış   956.22614 M54 2011 005077 09/19/2016 09/19/2016 Books  
CHP Kütüphanesi CHP Kütüphanesi 10/10/2016 Bağış   956.22614 M54 2011 006696 10/10/2016 10/10/2016 Books k.2